000 01220nam1a22003611i 4500
001 v19\rc\1320312
005 20260406092735.0
035 _a(NLR Aleph) 004559200
090 _a2250566
_c2250566
100 _a20060512g18311832|||y0rusy50 ca
101 1 _arus
_cfre
102 _aRU
105 _ay z |||a|
200 1 _aАндрей Савояр
_eРоман Поль-де-Кока
_fПер. с фр. Н. П-м и Ф. С-м. Т. 1-5
210 _aСанкт-Петербург
_cтип. Штаба Отд. кор. внутр. стражи
_d1831-1832
215 _a5 т.
_d17
700 1 _8rus
_7ca
_aКок
_bП. де
_f1793-1871
_gПоль де
_3RU\NLR\AUTH\7764311
_947240
702 0 _9z02790
_aН. П-м
_4730
702 0 _9z03790
_aФ. С-м
_4730
790 0 _9z01700
_aПоль-де-Кок
_f1793-1871
790 1 _9z01700
_aДе Кок
_bП.
_f1793-1871
_gПоль
790 1 _9z02702
_aП-м
_bН.
790 1 _9z03702
_aС-м
_bФ.
801 0 _aRU
_bNLR
_gpsbo
801 0 _aRU
_bRuMoRGB
_2psbo
801 1 _aRU
_bProSoft-M
_2rusmarc
852 _aNLR
_j18.262.6.20
899 _aRuMoRGB
_jR 191/104
899 _aRuMoRGB
_jU 84/885
899 _aБАН
899 _aНБ СПбГУ
942 _cBOOK